1438 1107 1372 1918 1002 1240 1499 1629 1642 1390 1497 1755 1156 1352 1792 1641 1581 1604 1433 1705 1314 1031 1421 1295 1034 1399 1519 1626 1836 1811 1069 1857 1200 1604 1983 1068 1253 1110 1761 1738 1091 1327 1291 1286 1931 1755 1550 1650 1071 1383 1562 1350 1552 1489 1866 1108 1364 1567 1387 1783 1952 1317 1148 1251 1221 1274 1086 1598 1085 1951 1314 1908 1493 1333 1329 1198 1653 1782 1484 1021 1668 1488 1920 1392 1173 1956 1401 1165 1338 1776 1613 1949 1489 1066 1764 1679 1383 1185 1253 BCNSPRNW ULIB Ver.6.0+V

เปลี่ยนเป็นภาษาไทย

Change to English
 แสดงรายละเอียดบรรณานุกรม
  กลับหน้าหลัก

Brief Record : Get Marc (ISO 2709) : E-mail record : QR code < ปิดหน้าต่าง
LEADER : 00000nam 2200000uu 4500
001    13399122932
003     ULIB
008    131104s2556||||th 000 0 tha d
099    ^aวจ.WQ150^bส765ก
100 0  ^aสุดกัญญา ปานเจริญ
245 00 ^aการสนับสนุนจากสามี การสนับสนุนจากครอบครัวและปัจจัยส่วนบุคคลที่มีอิทธิพลต่อการดำรงบทบาทมารดาวัยรุ่น /^cสุดกัญญา ปานเจริญ,พรวิไล คล้ายจันทร์
260    ^aนครสวรรค์ :^bวิทยาลัยพยาบาลบรมราชชนนี สวรรค์ประชารักษ์,^c2556
300    ^a55 หน้า
650  7 ^aมาดาวัยรุ่น^xวิจัย
650  7 ^aวิทยาลัยพยาบาลบรมราชชนนี สวรรค์ประชารักษ์
650  7 ^aอิทธิพล^xมารดาวัยรุ่น^xวิจัย
700 02 ^aพรวิไล คล้ายจันทร์
710 1  ^aวิทยาลัยพยาบาลบรมราชชนนี สวรรค์ประชารักษ์
945    ^p0^l0^i20244
995    ^aทศพร
999    ^aทศพร
รายการนี้ยังไม่มีแท็ก
คุณยังไม่ได้ล็อกอิน คุณสามารถมีกิจกรรมร่วมกับเว็บไซต์ได้ แต่ต้องล็อกอินก่อน ::
  ล็อกอิน

รายการสื่อสารสนเทศ

ลำดับที่ ประเภท เลขเรียก/บาร์โค้ด สถานที่ สถานะ
1. งานวิจัย
งานวิจัย
วจ.WQ150 ส765ก ฉ.1 
  Barcode: 20244
ห้องสมุดวิทยาเขตนครสวรรค์
►วิจัย:l:Research Room
บนชั้น

รายการใกล้เคียง
    ผู้แต่ง [สุดกัญญา ปานเจริญ]

    หัวเรื่อง [วิทยาลัยพยาบาลบรมราชชนนี สวรรค์ประชารักษ์]

BibComment


ยังไม่เคยถูกคอมเมนท์

คอมเมนท์ทรัพยากรรายการนี้
  คอมเมนท์: การสนับสนุนจากสา..


 Copyright 2026. Bcnsprnw @Library